Państwa eksportujące najwięcej drewna - Statystyki

Ogólne statystyki
  • Ten quiz został rozwiązany 19 razy
  • Średni wynik to 8 z 12
Statystyki odpowiedzi
Hint Odpowiedź % Poprawnych
11,4% Rosja
100%
6,6% Stany Zjednoczone
100%
3,4% Polska
94%
2,9% Francja
89%
5,1% Kanada
89%
7,9% Niemcy
78%
2,7% Norwegia
78%
12,7% Czechy
44%
2,3% Belgia
33%
2,1% Łotwa
33%
15,9% Nowa Zelandia
17%
2,4% Urugwaj
17%
Nie znaleziono quizów pasujących do podanych kryteriów
Rozkład punktacji
Procent ludzi z każdym wynikiem
Percentyl według liczby udzielonych odpowiedzi
Twoja historia wyników
Nie rozwiązałeś tego quizu